Nationality of Titanic Passengers Quiz Stats

 Plays Quiz Updated Apr 5, 2018

Challenge
Share
Tweet
Embed
Score 0/28 Timer 02:00
5 Plays Today
Number of Passengers Country % Correct
306United States
95.4%
31France
94.5%
327United Kingdom
94.3%
10Germany
92.8%
7Spain
89.7%
120Ireland
87.8%
10Italy
87.6%
49Austria and Hungary
86.5%
27Russia
83.6%
34Canada
79.3%
113Sweden
78.1%
4Portugal
75.2%
26Norway
74.1%
1Mexico
70.3%
Number of Passengers Country % Correct
59Finland
67.7%
8China
64%
10Denmark
63.5%
1Netherlands
61.1%
24Belgium
59.8%
1Japan
59.4%
11Switzerland
59%
4Greece
52.7%
2Australia
43.1%
9Turkey
41.1%
5South Africa
20.2%
81Syria
15.4%
33Bulgaria
14.7%
3Uruguay
2.7%

You're not logged in!

Compare scores with friends on all Sporcle quizzes.
Join for Free
OR
Log In

You Might Also Like...

Show Comments

Extras

Top Quizzes Today


Score Distribution

Your Account Isn't Verified!

In order to create a playlist on Sporcle, you need to verify the email address you used during registration. Go to your Sporcle Settings to finish the process.

Report this User

Report this user for behavior that violates our Community Guidelines.

Details: